Planning and paying for full employment

সংরক্ষণ করুন:
গ্রন্থ-পঞ্জীর বিবরন
বিন্যাস: গ্রন্থ
ভাষা:Undetermined
প্রকাশিত: New York The American Labor Conference on International Affairs 1946
বিষয়গুলি:
ট্যাগগুলো: ট্যাগ যুক্ত করুন
কোনো ট্যাগ নেই, প্রথমজন হিসাবে ট্যাগ করুন!
Thư viện lưu trữ: Trung tâm Học liệu Trường Đại học Cần Thơ
LEADER 00475nam a2200157Ia 4500
001 CTU_78762
008 210402s9999 xx 000 0 und d
082 |a 338.973 
082 |b P712 
245 0 |a Planning and paying for full employment 
260 |a New York 
260 |b The American Labor Conference on International Affairs 
260 |c 1946 
650 |a Economic policy,Unemployed 
650 |z United States 
980 |a Trung tâm Học liệu Trường Đại học Cần Thơ